000 01122na a2200313 4500
001 16367
003 MIRAKIL
005 20181213155239.0
008 161004b tu 000 0
035 _a16367
040 _aMilas
_btur
_cTR-AnCHP
041 _atur
082 _a338.9566 DAP
_bD26 2000
090 _a338.9566 DAP D26 2000
100 _aDevlet Planlama Teşkilatı (DPT)
130 _aDoğu Anadolu Projesi (DAP) ana planı
245 _aDoğu Anadolu Projesi ana planı
_bYönetici özeti
_cDevlet Planlama Teşkilatı Müsteşarlığı
246 _aDAP Yönetici özeti
260 _aAnkara
_bDevlet Planlama Teşkilatı (DPT)
_c2000
300 _aiv, 74 s.
_bktl. hrt. , tbl.
_c30 sm.
630 _aDoğu Anadolu Projesi (DAP)
_xYönetici özeti
650 _aBölge planlaması
_zTürkiye
651 _aDoğu Anadolu Bölgesi
_xEkonomik durum
651 _aDoğu Anadolu Bölgesi
_xEkonomi politkaları
651 _aDoğu Anadolu Bölgesi
_xSosyo ekonomik kalkınma
651 _aTürkiye
_xBölgesel kalkınma
_zDoğu Anadolu Bölgesi
657 _aDAP yönetici özeti
942 _2ddc
_cBKS
999 _c9226
_d9226